000 02127cam a2200469 i 4500
001 data
005 20260322212119.0
008 data
035 _a21321359
906 _a7
_bcbc
_ccopycat
_d2
_encip
_f20
_gy-gencatlg
925 0 _aacquire
_b1 shelf copy
_xpolicy default
010 _a 2019457652
015 _aGBB9E3169
_2bnb
016 7 _a019512556
_2Uk
020 _a9781786941701
_q(cased)
020 _a1786941708
_q(cased)
020 _z9781786949639
_q(electronic book)
020 _z1786949636
_q(electronic book)
035 _a(OCoLC)1055463069
040 _aYDX
_beng
_cYDX
_erda
_dDLC
_dOCLCQ
_dUKMGB
_dOCLCO
_dOCLCF
_dYDXIT
_dOCLCQ
_dYDX
_dDLC
042 _alccopycat
050 0 0 _aPN56.E6
_bS38 2019
100 1 _aScott, Bede,
_d1971-
_eauthor.
245 1 0 _aAffective disorders :
_bemotion in colonial and postcolonial literature /
_cBede Scott.
264 1 _aLiverpool :
_bLiverpool University Press,
_c2019.
300 _aix, 190 pages :
_bmaps ;
_c24 cm.
336 _atext
_btxt
_2rdacontent
337 _aunmediated
_bn
_2rdamedia
338 _avolume
_bnc
_2rdacarrier
490 1 _aPostcolonialism across the disciplines ;
_v21
504 _aIncludes bibliographical references and index.
505 0 _aAnger : Naguib Mahfouz's Midaq Alley -- Reticence : Vikram Seth's A suitable boy -- Jealousy : Joaquim Maria Machado de Assis' Dom Casmurro -- Boredom : Upamanyu Chatterjee's English, August: an Indian story -- Fear : Michael Ondaatje's Anil's ghost -- Stuplimity : Vikram Chandra's Sacred games.
650 0 _aEmotions in literature.
650 0 _aAffect (Psychology) in literature.
650 0 _aImperialism in literature.
650 0 _aPostcolonialism in literature.
650 7 _aEmotions in literature.
_2fast
_0(OCoLC)fst00908874
650 7 _aImperialism in literature.
_2fast
_0(OCoLC)fst00968142
650 7 _aPostcolonialism in literature.
_2fast
_0(OCoLC)fst01073035
830 0 _aPostcolonialism across the disciplines ;
_v21.
999 _c1809
_d1809